| 000 | 01452cam a2200397 a 4500 | ||
|---|---|---|---|
| 001 | 15475496 | ||
| 003 | OSt | ||
| 005 | 20140310182745.0 | ||
| 008 | 081003s2009 enka b 000 0 eng | ||
| 010 | _a 2008040853 | ||
| 020 | _a9780415479066 (hbk.) | ||
| 020 | _a0415479061 (hbk.) | ||
| 020 | _a9780415479059 (pbk.) | ||
| 020 | _a0415479053 (pbk.) | ||
| 035 | _a(OCoLC)ocn231582506 | ||
| 035 |
_a(OCoLC)231582506 _z(OCoLC)244063543 |
||
| 040 |
_aDLC _cDLC _dBTCTA _dBAKER _dOCLNG _dYDXCP _dBWKUK _dBWK _dDLC |
||
| 050 | 0 | 0 |
_aRJ 131 _b.N87 2009 |
| 100 | 1 | _aNurse, Angela D. | |
| 245 | 1 | 0 |
_aPhysical development in the early years foundation stage / _cAngela D. Nurse. |
| 260 |
_aLondon ; _aNew York : _bRoutledge, _c2009. |
||
| 300 |
_aviii, 145 p. : _bill. ; _c25 cm. |
||
| 490 | 0 | _aPractical guidance in the EYFS | |
| 504 | _aIncludes bibliographical references. | ||
| 521 | _aEDU | ||
| 562 | _efor circulation : 1 copy available in the collection | ||
| 650 | 0 |
_aChildren _xGrowth. |
|
| 650 | 0 | _aMotor ability in children. | |
| 650 | 0 | _aChild development. | |
| 650 | 0 | _aHuman mechanics. | |
| 856 | 4 | 1 |
_3Table of contents only _uhttp://www.loc.gov/catdir/toc/fy0905/2008040853.html |
| 906 |
_a7 _bcbc _corignew _d1 _eecip _f20 _gy-gencatlg |
||
| 942 |
_2lcc _cBK _kFOR |
||
| 999 |
_c15637 _d15637 |
||